Statistiken für Deutsche Lieder nach Buchstabe - L

Klicken Sie hier um das Quiz zu spielen!

Allgemein

  • Dieses Quiz wurde 122 mal gespielt
  • Das Durchschnittsergebnis liegt bei 6 aus 18

Antwortstatistiken

TitelInterpret% Korrekt
LieblingsmenschNamika
73%
Lila WolkenMarteria, Yasha & Miss Platnum
69%
LiederAdel Tawil
67%
Leichtes GepäckSilbermond
64%
LenaPur
54%
Leider GeilDeichkind
49%
Lebt denn der alte Holzmichl noch?De Randfichten
34%
Liebe istNena
32%
Lili MarleenLale Andersen
27%
Liebe ist meine RebellionFrida Gold
22%
Lass die Musik anMadsen
17%
Letzte TräneKontra K
14%
Lass sie tanzen (Square Dance)Ali As feat. Namika
10%
Liebeskummer lohnt sich nichtSiw Malmkvist
8%
Landungsbrücken rausKettcar
7%
Lass uns schmutzig Liebe machenDie Schröders
6%
LabyrinthOOMPH!
6%
Liegen ist FriedenElen
1%

Verteilung der Resultate

Perzentil nach korrekt beantworteten Fragen

Anzahl Personen mit jedem Resultat

Ihre Resultats-Entwicklung

Sie haben dieses Quiz noch nicht gespielt